Analýza pracovného prostredia a rodovej rovnosti v krajinách EÚ

Salvato in:
Dettagli Bibliografici
Autore principale: Kaselyová, Paulína, 1995-
Natura: Capitolo di libro
Lingua:slovacco
Soggetti:
Tags: Aggiungi Tag
Nessun Tag, puoi essere il primo ad aggiungerne!!

MARC

LEADER 00000naa$a2200000$$$4500
001 0269235
005 20240502074222.2
041 0 |a slo 
044 |a SK 
245 1 0 |a Analýza pracovného prostredia a rodovej rovnosti v krajinách EÚ  |c Paulína Kaselyová 
500 |a abstrakt 
610 2 0 |a prostredie pracovné 
610 2 0 |a rovnosť rodová 
610 2 0 |a Európska únia 
100 1 |a Kaselyová, Paulína, 1995-